000 00808nam a22002537a 4500
005 20170123162314.0
010 _a829236
020 _c50.00
035 _a829236
037 _bCen Lib/Ret
040 _aDPL
_bUR
082 _a841
_bغ ل ا
100 _aغلام رباّنی تاباں
_9113509
245 _aنواے آوارہ /
_cغلام رباّنی تاباں
246 _aNavaye avara /
_bby ghulam Rabbani Taban
260 _aالی گڑھ
_bمقتبہ جامہ المیٹڈ
_c1976
270 _bالی گڑھ
_aجامہ نگر
_e110025
300 _a103p.
_c20cm(Hb)
650 _aاردو ادب
_9113510
650 _aاردو نظم
_9113511
650 _aUrdu literature
_9113512
650 _aUrdu poetry
_9113513
942 _2ddc
_cUR
_h841
_mغ ل ا
999 _c106582
_d106582